Essence (Record no. 260304)
[ view plain ]
| 000 -LEADER | |
|---|---|
| fixed length control field | 02157njm a22005171a 4500 |
| 001 - CONTROL NUMBER | |
| control field | ocm47129892 |
| 003 - CONTROL NUMBER IDENTIFIER | |
| control field | OCoLC |
| 005 - DATE AND TIME OF LATEST TRANSACTION | |
| control field | 20200320180434.0 |
| 007 - PHYSICAL DESCRIPTION FIXED FIELD--GENERAL INFORMATION | |
| fixed length control field | sd fsngnnmmned |
| 008 - FIXED-LENGTH DATA ELEMENTS--GENERAL INFORMATION | |
| fixed length control field | 011004s2001 caumun d d |
| 010 ## - LIBRARY OF CONGRESS CONTROL NUMBER | |
| LC control number | 2001577377 |
| 020 ## - INTERNATIONAL STANDARD BOOK NUMBER | |
| Terms of availability | 17.95 |
| 024 10 - OTHER STANDARD IDENTIFIER | |
| Standard number or code | 008817019727 |
| 024 1# - OTHER STANDARD IDENTIFIER | |
| Standard number or code | 008817019727 |
| 028 02 - PUBLISHER NUMBER | |
| Publisher number | 088 170 197-2 |
| Source | Lost Highway |
| 033 #0 - DATE/TIME AND PLACE OF AN EVENT | |
| Geographic classification area code | 4144 |
| Geographic classification subarea code | M5 |
| 040 ## - CATALOGING SOURCE | |
| Original cataloging agency | IF9 |
| Transcribing agency | IF9 |
| Modifying agency | DLC |
| -- | JED |
| -- | LEO |
| -- | OMP |
| -- | CPL |
| -- | OCLCQ |
| -- | WACOL |
| 042 ## - AUTHENTICATION CODE | |
| Authentication code | lcderive |
| 047 ## - FORM OF MUSICAL COMPOSITION CODE | |
| Form of musical composition code | cy |
| -- | bl |
| 049 ## - LOCAL HOLDINGS (OCLC) | |
| Holding library | WACL |
| 050 00 - LIBRARY OF CONGRESS CALL NUMBER | |
| Classification number | SDA 37928 |
| 082 04 - DEWEY DECIMAL CLASSIFICATION NUMBER | |
| Classification number | 782.42/1642 |
| Edition number | 21 |
| 092 ## - LOCALLY ASSIGNED DEWEY CALL NUMBER (OCLC) | |
| Classification number | CD |
| Item number | Wil |
| 100 1# - MAIN ENTRY--PERSONAL NAME | |
| Personal name | Williams, Lucinda. |
| Relator code | cmp |
| -- | prf |
| 9 (RLIN) | 5827154 |
| 245 10 - TITLE STATEMENT | |
| Title | Essence |
| Medium | [sound recording] / |
| Statement of responsibility, etc | all songs written by Lucinda Williams. |
| 260 ## - PUBLICATION, DISTRIBUTION, ETC. (IMPRINT) | |
| Place of publication, distribution, etc | Universal City, CA : |
| Name of publisher, distributor, etc | Lost Highway : |
| -- | Distributed by Universal Music and Video Distribution, |
| Date of publication, distribution, etc | p2001. |
| 300 ## - PHYSICAL DESCRIPTION | |
| Extent | 1 sound disc : |
| Other physical details | digital ; |
| Dimensions | 4 3/4 in. |
| 500 ## - GENERAL NOTE | |
| General note | Country and blues songs. |
| 511 0# - PARTICIPANT OR PERFORMER NOTE | |
| Participant or performer note | Lucinda Williams, vocals, guitars; principally with Jim Keltner, drums, percussion; Tony Garnier, bass; Bo Ramsey, guitars; Charlie Sexton, various instruments; Reese Wynans, Hammond B3 organ; in part with David Mansfield, violin, viola; and backing vocalists. |
| 518 ## - DATE/TIME AND PLACE OF AN EVENT NOTE | |
| Date/time and place of an event note | Recorded at Mastermix Studios, Minneapolis, Minn. |
| 500 ## - GENERAL NOTE | |
| General note | Compact disc. |
| 500 ## - GENERAL NOTE | |
| General note | Lyrics on container insert. |
| 505 00 - FORMATTED CONTENTS NOTE | |
| Title | Lonely girls -- |
| -- | Steal your love -- |
| -- | I envy the wind -- |
| -- | Blue -- |
| -- | Out of touch -- |
| -- | Are you down -- |
| -- | Essence -- |
| -- | Reason to cry -- |
| -- | Get right with God -- |
| -- | Bus to Baton Rouge -- |
| -- | Broken butterflies. |
| 650 #0 - SUBJECT ADDED ENTRY--TOPICAL TERM | |
| Topical term or geographic name as entry element | Country music |
| Chronological subdivision | 2001-2010. |
| 9 (RLIN) | 99335 |
| 650 #0 - SUBJECT ADDED ENTRY--TOPICAL TERM | |
| Topical term or geographic name as entry element | Blues (Music) |
| Chronological subdivision | 2001-2010. |
| 9 (RLIN) | 99334 |
| 700 1# - ADDED ENTRY--PERSONAL NAME | |
| Personal name | Keltner, Jim. |
| Relator code | prf |
| 9 (RLIN) | 5827155 |
| 700 1# - ADDED ENTRY--PERSONAL NAME | |
| Personal name | Garnier, Tony, |
| Titles and other words associated with a name | bassist. |
| Relator code | prf |
| 9 (RLIN) | 5827156 |
| 700 1# - ADDED ENTRY--PERSONAL NAME | |
| Personal name | Ramsey, Bo. |
| Relator code | prf |
| 9 (RLIN) | 5827157 |
| 700 1# - ADDED ENTRY--PERSONAL NAME | |
| Personal name | Sexton, Charlie. |
| Relator code | prf |
| 9 (RLIN) | 5827158 |
| 700 1# - ADDED ENTRY--PERSONAL NAME | |
| Personal name | Wynans, Reese. |
| Relator code | prf |
| 9 (RLIN) | 5827159 |
| 700 1# - ADDED ENTRY--PERSONAL NAME | |
| Personal name | Mansfield, David. |
| Relator code | prf |
| 9 (RLIN) | 16847 |
| 942 ## - ADDED ENTRY ELEMENTS (KOHA) | |
| Koha item type | CD |
| 948 ## - LOCAL PROCESSING INFORMATION (OCLC); SERIES PART DESIGNATOR (RLIN) | |
| Series part designator, SPT (RLIN) | 10/01/2004 |
| z (OCLC) | Sirsi |
| 994 ## - | |
| -- | 02 |
| -- | WACOL |
| 996 ## - | |
| -- | 39380 |
| -- | 34301000438673 |
| -- | MUSICCD |
| -- | cd |
| -- | wcl |
| -- | i |
| -- | 29 |
| -- | 17.95 |
| -- | BMG |
| -- | Wil |
| -- | 10/01/2004 |
| -- | 12/14/2016 |
| -- | 12/08/2016 |
| Withdrawn status | Lost status | Source of classification or shelving scheme | Damaged status | Not for loan | Collection code | Home library | Current library | Shelving location | Date acquired | Cost, normal purchase price | Total Checkouts | Full call number | Barcode | Date last seen | Date checked out | Cost, replacement price | Price effective from | Koha item type |
|---|---|---|---|---|---|---|---|---|---|---|---|---|---|---|---|---|---|---|
| Dewey Decimal Classification | Music | Wasatch County Library | Wasatch County Library | Second Floor | 10/01/2004 | 17.95 | 31 | Music CD Williams | 34301000438673 | 07/31/2025 | 07/30/2025 | 17.95 | 03/20/2020 | Music CD |
